<?xml version="1.0" encoding="UTF-8"?>
<record
    xmlns:xsi="http://www.w3.org/2001/XMLSchema-instance"
    xsi:schemaLocation="http://www.loc.gov/MARC21/slim http://www.loc.gov/standards/marcxml/schema/MARC21slim.xsd"
    xmlns="http://www.loc.gov/MARC21/slim">

  <leader>03480nam a2200529Ia 4500</leader>
  <controlfield tag="001">2176</controlfield>
  <controlfield tag="008">241029s9999    xx            000 0 und d</controlfield>
  <datafield tag="010" ind1=" " ind2=" ">
    <subfield code="a">2038</subfield>
  </datafield>
  <datafield tag="041" ind1=" " ind2=" ">
    <subfield code="a">Espa&#xF1;ol</subfield>
  </datafield>
  <datafield tag="082" ind1=" " ind2=" ">
    <subfield code="a">BU. ED. 180 UTESA F.H.</subfield>
  </datafield>
  <datafield tag="245" ind1=" " ind2="0">
    <subfield code="a">La ense&#xF1;anza del &#xE1;lgebra en la Universidad Tecnol&#xF3;gica de Santiago (UTESA) recinto Santo Domingo de Guzm&#xE1;n</subfield>
  </datafield>
  <datafield tag="260" ind1=" " ind2=" ">
    <subfield code="a">Santo Domingo</subfield>
  </datafield>
  <datafield tag="300" ind1=" " ind2=" ">
    <subfield code="a">91</subfield>
  </datafield>
  <datafield tag="520" ind1=" " ind2=" ">
    <subfield code="a">35</subfield>
  </datafield>
  <datafield tag="630" ind1=" " ind2=" ">
    <subfield code="a">Ense&#xF1;anza</subfield>
  </datafield>
  <datafield tag="650" ind1=" " ind2=" ">
    <subfield code="a">Ense&#xF1;anza</subfield>
  </datafield>
  <datafield tag="690" ind1=" " ind2=" ">
    <subfield code="a">Elaborado</subfield>
  </datafield>
  <datafield tag="700" ind1=" " ind2=" ">
    <subfield code="e">asesor</subfield>
    <subfield code="a">Javier, Mario</subfield>
  </datafield>
  <datafield tag="700" ind1=" " ind2=" ">
    <subfield code="e">autor</subfield>
    <subfield code="a">Novas , Efra&#xED;n</subfield>
  </datafield>
  <datafield tag="700" ind1=" " ind2=" ">
    <subfield code="e">asesor</subfield>
    <subfield code="a">Sang Ben,  Miguel</subfield>
  </datafield>
  <datafield tag="901" ind1=" " ind2=" ">
    <subfield code="a">{"1":"Novas "}</subfield>
    <subfield code="b">{"1":"Efra&#xED;n"}</subfield>
  </datafield>
  <datafield tag="902" ind1=" " ind2=" ">
    <subfield code="a">2</subfield>
  </datafield>
  <datafield tag="903" ind1=" " ind2=" ">
    <subfield code="a">{"1":"Sang Ben","2":"Javier"}</subfield>
    <subfield code="b">{"1":" Miguel","2":"Mario"}</subfield>
  </datafield>
  <datafield tag="904" ind1=" " ind2=" ">
    <subfield code="a">Mag&#xED;ster en</subfield>
  </datafield>
  <datafield tag="905" ind1=" " ind2=" ">
    <subfield code="a">Ciencias de la Educaci&#xF3;n</subfield>
  </datafield>
  <datafield tag="906" ind1=" " ind2=" ">
    <subfield code="a">1</subfield>
  </datafield>
  <datafield tag="907" ind1=" " ind2=" ">
    <subfield code="a">Menci&#xF3;n en</subfield>
  </datafield>
  <datafield tag="908" ind1=" " ind2=" ">
    <subfield code="a">Administraci&#xF3;n Educativa</subfield>
  </datafield>
  <datafield tag="909" ind1=" " ind2=" ">
    <subfield code="a">Universidad Tecnol&#xF3;gica de Santiago (UTESA), Campus Central Herrera</subfield>
  </datafield>
  <datafield tag="910" ind1=" " ind2=" ">
    <subfield code="a">NULL</subfield>
    <subfield code="b">NULL</subfield>
  </datafield>
  <datafield tag="911" ind1=" " ind2=" ">
    <subfield code="a">["1"]</subfield>
  </datafield>
  <datafield tag="912" ind1=" " ind2=" ">
    <subfield code="a">NO APLICA</subfield>
  </datafield>
  <datafield tag="913" ind1=" " ind2=" ">
    <subfield code="a">NULL</subfield>
  </datafield>
  <datafield tag="914" ind1=" " ind2=" ">
    <subfield code="a">08 de Enero de 2007</subfield>
  </datafield>
  <datafield tag="915" ind1=" " ind2=" ">
    <subfield code="a">20/07/15 07:07</subfield>
  </datafield>
  <datafield tag="916" ind1=" " ind2=" ">
    <subfield code="a">NULL</subfield>
  </datafield>
  <datafield tag="917" ind1=" " ind2=" ">
    <subfield code="a">NULL</subfield>
  </datafield>
  <datafield tag="918" ind1=" " ind2=" ">
    <subfield code="a">NO APLICA</subfield>
  </datafield>
  <datafield tag="919" ind1=" " ind2=" ">
    <subfield code="a">["202"]</subfield>
  </datafield>
  <datafield tag="520" ind1=" " ind2=" ">
    <subfield code="a">Los principales prop&#xF3;sitos de la investigaci&#xF3;n fueron, el proceso de ense&#xF1;anza-aprendizaje en la universidad. Verificar los contenidos que se utilizan en los programas de ense&#xF1;anza aprendizaje del &#xE1;lgebra. De igual forma, identificar los procedimientos m&#xE1;s usuales empleados por los estudiantes en la soluci&#xF3;n de problemas algebraicos.Los m&#xE9;todos utilizados fueron te&#xF3;ricos, emp&#xED;ricos y estad&#xED;sticos descriptivo y predicativo. Tambi&#xE9;n se utilizaron como t&#xE9;cnicas la recolecci&#xF3;n de datos, muestreos y cuestionarios: se aplicaron pruebas cognoscitivas a los estudiantes de nuevo ingreso a la universidad, con la finalidad de conocer el nivel de conocimiento algebraico que poseen; asimismo, se utilizaron cuestionarios para ser aplicados a los profesores de matem&#xE1;ticas de la universidad para recoger las impresiones de cada uno de ellos sobre el nivel de formaci&#xF3;n en el &#xE1;lgebra de los educandos; las entrevistas se realizaron con especialistas del &#xE1;rea dentro de la universidad, los cuales nos edificar&#xE1;n sobre el problema en cuesti&#xF3;n.Entre las conclusiones del estudio estuvieron que se manifiesta una fuerte deficiencia en cuanto a la formaci&#xF3;n en &#xE1;lgebra que presentan los bachilleres que ingresa a la UTESA, la cual, siendo la segunda universidad en cuanto a poblaci&#xF3;n estudiantil, se convierte en una muestra de referencia que nos permite hacer extensible este mal a los bachilleres egresados de nuestro bachillerato. Tambi&#xE9;n que la soluci&#xF3;n que hasta el momento ha planteado esta universidad ante la problem&#xE1;tica antes mencionada, en realidad no resuelve ninguno de los problemas que los alumnos manifiestan, lo que fue confirmado en esta investigaci&#xF3;n a partir de las diferentes v&#xED;as investigativas empleadas.Entre las recomendaciones del estudio est&#xE1;n introducir ?El &#xE1;lgebra Fundamental? como una asignatura obligatoria en el primer cuatrimestre de los planes de estudio de las diferentes carreras impartidas en la UTESA, actualizar completamente el curso de reforzamiento en aritm&#xE9;tica que actualmente ofrece la universidad a los estudiantes de nuevo ingreso.</subfield>
  </datafield>
  <datafield tag="921" ind1=" " ind2=" ">
    <subfield code="a">16</subfield>
  </datafield>
  <datafield tag="922" ind1=" " ind2=" ">
    <subfield code="a">16</subfield>
  </datafield>
  <datafield tag="923" ind1=" " ind2=" ">
    <subfield code="a">0</subfield>
  </datafield>
  <datafield tag="924" ind1=" " ind2=" ">
    <subfield code="a">NO APLICA</subfield>
  </datafield>
  <datafield tag="942" ind1=" " ind2=" ">
    <subfield code="c">Tesis</subfield>
  </datafield>
  <datafield tag="999" ind1=" " ind2=" ">
    <subfield code="c">2038</subfield>
    <subfield code="d">2038</subfield>
  </datafield>
</record>
